000 00746cam a2200277 4500500
005 20260405003447.0
041 _afre
042 _adc
100 1 0 _aN’Diaye, Aïda
_eauthor
245 0 0 _aKrasnaïa, ou quand les hommes sont bêtes
260 _c2022.
500 _a59
690 _aAnimal
690 _aConte
690 _aDroit
690 _aÉgalité
690 _aFables
690 _aLiberté
690 _aOrwell
690 _aPolitique
690 _aRaphaël Enthoven
690 _aTchernobyl
690 _aUtopie
786 0 _nPhilosophie magazine | 156 | 2 | 2022-02-01 | p. 69-69 | 1951-1787
856 4 1 _uhttps://shs.cairn.info/magazine-philosophie-magazine-2022-2-page-69?lang=fr&redirect-ssocas=7080
999 _c2067730
_d2067730